LIBRARY & INFORMATION CENTRE, KCAET, TAVANUR

ONLINE PUBLIC ACCESS CATALOGUE (OPAC)

Society and culture : An introduction to sociology / (Record no. 2320)

MARC details
000 -LEADER
fixed length control field 00420cam a2200157ua 4500
041 ## - LANGUAGE CODE
Language code of text/sound track or separate title eng
082 ## - DEWEY DECIMAL CLASSIFICATION NUMBER
Classification number 306
Item number MER/SO
100 ## - MAIN ENTRY--AUTHOR NAME
Personal name Merrill, Francis.E .
245 ## - TITLE STATEMENT
Title Society and culture : An introduction to sociology /
250 ## - EDITION STATEMENT
Edition statement 2 /
260 ## - PUBLICATION, DISTRIBUTION, ETC. (IMPRINT)
Place of publication New Jersey :
Name of publisher Prentice Hall Inc ,
Year of publication 1961.
300 ## - PHYSICAL DESCRIPTION
Number of Pages 619 ; .
942 ## - ADDED ENTRY ELEMENTS (KOHA)
Koha item type Books
Holdings
Withdrawn status Lost status Damaged status Home library Current library Date acquired Full call number Accession Number Koha item type
      KAUAET KAUAET 07/04/2012 306 588 B Books
free website counter